| 000 | 01036nam a2200289 4500 | ||
|---|---|---|---|
| 001 | 16928 | ||
| 003 | ES-MaACL | ||
| 005 | 20230906151426.0 | ||
| 007 | t| | ||
| 008 | 001122s19860000sp f ||||0| eng d | ||
| 016 | 7 | _zIBH8705205558 | |
| 020 | _a84-505-3213-X | ||
| 040 |
_aIBH _bspa _cM-BN-DP |
||
| 080 | _a75.037(46):061.43(425.7 O)"1986" | ||
| 245 | 0 | 0 |
_aDouble figures _b: = Dobles figuras : Saura, Arroyo, Sicilia, Barceló : [exposition] Museum of Modern Art, Oxford, april 6-may 18, 1986. |
| 260 |
_a[Madrid] : _bMinisterio de Asuntos Exteriores, _c[1986] |
||
| 300 |
_a120 p. [11] p. de lám. col ; _c26 cm. |
||
| 500 | _aTexto en inglés y español. | ||
| 650 | 4 |
_aPintura española- _yS.XX- _vExposiciones. _916043 |
|
| 655 | 7 |
_2tgfbne _9193628 _aCatálogos de exposiciones |
|
| 710 | 2 |
_aMuseum of Modern Art (Oxford) _95949 |
|
| 710 | 1 |
_aEspaña. _bMinisterio de Asuntos Exteriores. _93845 |
|
| 852 |
_aES-MaACL _jG-2548 _bR.112202 |
||
| 942 | _2udc | ||
| 999 |
_c16928 _d16928 |
||